ბათუმის შოთა რუსთაველის სახელმწიფო უნივერსიტეტის ბიბლიოთეკა

ქართლის ცხოვრება : (ბიბ.ჩანაწერი № 56521)

000 -ლიდერი
ფიქსირებული სიგრძის საკონტროლო ველი 01626nam a2200277Ia 4500
001 - საკონტროლო ნომერი
საკონტროლო ველი 23635
003 - საკონტროლო ნომრის იდენტიფიკატორი
საკონტროლო ველი GE_BSU
005 - ბოლო ოპერაციის თარიღი და დრო
საკონტროლო ველი 20260226131347.0
008 - ფიქსირებული სიგრძის მონაცემთა ელემენტები - ზოგადი ინფორმაცია
ფიქსირებული სიგრძის საკონტროლო ველი 181216s1959||||ge |||||||||||||| ||geo||
020 ## - წიგნის საერთაშორისო სტანდარტული ნომერი
International Standard Book Number 9992843446
040 ## - კატალოგიზაციის წყარო
Transcribing agency GE_BSU
041 ## - ენის კოდი
Language code of text/sound track or separate title geo
080 ## - უნივერსალური ათობითი კლასიფიკაციის ინდექსი
Universal Decimal Classification number 94(479.22)(093) ქ-27
245 ## - ცნობა სათაურის შესახებ
Title ქართლის ცხოვრება :
Remainder of title ტომი 2 /
Statement of responsibility, etc ტექსტი დადგენილი ყველა ძირითადი ხელნაწერის მიხედვით ს. ყაუხჩიშვილის მიერ ; მხატვარი გ. ნადირაძე.
264 ## - წარმოების, გამოცემის, დისტრიბუციის და სხვა ცნობები
გამოცემის, წარმოების, დისტრიბუციის... ადგილი თბილისი :
გამოცემის, წარმოების, დისტრიბუციის... სახელწოდება საბჭ. საქართველო,
გამოცემის, წარმოების, დისტრიბუციის... თარიღი 1959.
300 ## - ფიზიკური აღწერა
Extent 708 გვ. ;
Dimensions 27 სმ.
500 ## - ზოგადი შენიშვნა
General note ლექსიკონი და საძიებლები : გვ. 541-703
504 ## - BIBLIOGRAPHY, ETC. NOTE
Bibliography, etc ბიბლიოგრაფია შენიშვნებში
546 ## - LANGUAGE NOTE
Language note დამატებითი თავფურცელი რუსულ ენაზე
653 ## - INDEX TERM--UNCONTROLLED
Uncontrolled term ქართლის ცხოვრება / ტექსტი დადგენილი ყველა ძირითადი ხელნაწერის მიხედვით ს. ყაუხჩიშვილის მიერ. ტ.2
653 ## - INDEX TERM--UNCONTROLLED
Uncontrolled term ქართლის ცხოვრება"
653 ## - INDEX TERM--UNCONTROLLED
Uncontrolled term საქართველოს ისტორიის წყაროები
700 ## - ADDED ENTRY--PERSONAL NAME
Personal name ნადირაძე, გ.
Relator term მხატვარი
9 (RLIN) 26987
942 ## - ADDED ENTRY ELEMENTS (KOHA)
Koha item type წიგნი
Source of classification or shelving scheme
ეგზემპლარები
ჩამოწერის სტატუსი დაკარგული ეგზემპლარის სტატუსი კლასიფიკაციის წყარო ან თაროზე გაწყობის სქემა დაზიანების სტატუსი არ გაიცემა მუდმივი მდებარეობა (დაცვის ადგილი) ამჟამინდელი ადგილსამყოფელი თაროზე განთავსების ადგილი შეძენის თარიღი ღირებულება, შესყიდვის ნორმალური ფასი სრული შენახვის შიფრი შტრიხკოდი ბოლო ოპერაციის თარიღი ეგზემპლარის მიმდევრობითი ნომერი (კეტერი?) ფასის ძალაში შესვლის თარიღი ეგზემპლარის სახეობა საჯარო შენიშვნა
          ბათუმის შოთა რუსთაველის სახელმწიფო უნივერსიტეტის მთავარი ბიბლიოთეკა ბათუმის შოთა რუსთაველის სახელმწიფო უნივერსიტეტის მთავარი ბიბლიოთეკა წიგნსაცავი 2018-12-17 20.00 94(479.22)(093) ქ-27 28462 2018-12-17 28462 2018-12-17 წიგნი 20.00 ₾.